Zaman penjajahan

Bibliographic Details
Main Author: Alias Abdullah
Format: Book
Published: Subang Jaya : Penerbit Teliti Sdn Bhd , 1998
Series:Kajian tempatan KBSR
Subjects:

MARC

LEADER 00000cam a2200000 7i4500
001 0000024258
002 000026207
005 20011229.0
020 |a 9831060547 
090 0 0 |a 959.5   |b ALI 
100 0 |a Alias Abdullah 
245 1 0 |a Zaman penjajahan   |c Alias Abdullah 
260 |a Subang Jaya :   |b Penerbit Teliti Sdn Bhd ,   |c 1998 
300 |a 21p. :   |b ill ;   |c 24cm. 
490 0 |a Kajian tempatan KBSR 
650 0 0 |a Malaysia   |x Social conditions 
999 |a 065309   |b BUKU   |c JUNIOR BOOKS   |e PERPUSTAKAAN KOMUNITI CAW KOTA DAMANSARA 
999 |a 065310   |b BUKU   |c JUNIOR BOOKS   |e PERPUSTAKAAN KOMUNITI CAW KOTA DAMANSARA